| 000 | 00466nam a2200181 a 4500 | ||
|---|---|---|---|
| 001 | 23567 | ||
| 005 | 20180713221642.0 | ||
| 008 | 140415s1997 ck 000 0 spa d | ||
| 020 | _a9586006018 | ||
| 041 | _aspa | ||
| 082 |
_a657.458 _bCEP |
||
| 100 | 1 | _aCEPEDA ALONSO, GUSTAVO | |
| 245 | 1 | 0 | _aAUDITORIA Y CONTROL INTERNO |
| 250 | _a1a ed. | ||
| 260 |
_aCOLOMBIA : _bMCGRAW-HILL INTERAMERICANA, _c1997 |
||
| 300 | _a234 | ||
| 650 | 1 | 4 | _aAUDITORIA |
| 999 |
_c23567 _d23567 |
||